000 00947cam a2200289 a 4500
001 32884
005 20230410105604.0
008 841208s1985 dcu b 001 0 eng
035 _9(DLC) 84023122
035 _a4733554
010 _a 84023122
020 _a0815733046
020 _a0815733038 (pbk.)
040 _aDLC
_cDLC
_dDLC
050 1 4 _aHD 2755.5
_bG891g 1985
082 0 0 _a338/.06
_219
100 1 _aGrunwald, Joseph,
_d1920-
245 1 4 _aThe global factory :
_bforeign assembly in international trade /
_cJoseph Grunwald and Kenneth Flamm.
260 _aWashington, D.C. :
_bBrookings Institution,
_cc1985.
300 _axvi, 259 p. ;
_c24 cm.
504 _aIncludes bibliographical references and index.
650 0 _aInternational business enterprises.
650 0 _aInternational division of labor.
650 0 _aComparative advantage (International trade)
700 1 _aFlamm, Kenneth,
_d1951-
942 _2lcc
_cbk
999 _c39797
_d39797